| 000 | 00523nam a22001577a 4500 | ||
|---|---|---|---|
| 999 |
_c524461 _d524461 |
||
| 003 | NUST | ||
| 005 | 20190621062519.0 | ||
| 008 | 190621b ||||| |||| 00| 0 eng d | ||
| 038 | _aMr. Noman | ||
| 082 | _a620.1 | ||
| 100 |
_aWaleed Mumtaz _915279 |
||
| 245 |
_aA Comparative study and optimization of tig welding and plasma arc welding parameters on Ti-6Al-4V Plates using taguchi method with the grey relational analysis _cWaleed Mumtaz |
||
| 260 |
_aIslamabad _bSMME NUST _c2017 |
||
| 300 | _a55 p. | ||
| 942 |
_2ddc _cTHE |
||